[Event "Novi (Oct)"]
[Site "?"]
[Date "1994.??.??"]
[Round "?"]
[White "Raupp, Kenneth A"]
[Black "Iyer, Krishnan"]
[Result "0-1"]
[WhiteElo "1605"]
[BlackElo "1605"]
[PlyCount "42"]
[EventDate "1994.??.??"]

1. f4 b6 2. e3 Bb7 3. Nf3 Nf6 4. b3 g6 5. Bb2 Bg7 6. d3 O-O 7. Be2 d6 8. Ng5
Bxg2 9. Rg1 Bb7 10. Nd2 Nbd7 11. Bf3 d5 12. Qe2 c5 13. O-O-O Qc7 14. Qg2 Rab8
15. h4 h5 16. f5 Ne5 17. fxg6 Nxg6 18. Nxf7 Rxf7 19. Qxg6 Qd6 20. Bxf6 Qxf6 21.
Bxh5 Qb2# 0-1

[Event "Detroit (Class DE/5/3)"]
[Site "?"]
[Date "1994.??.??"]
[Round "?"]
[White "Raupp, Kenneth A"]
[Black "Harrison, T."]
[Result "0-1"]
[WhiteElo "1605"]
[BlackElo "1605"]
[PlyCount "66"]
[EventDate "1994.??.??"]

{5/(3)} 1. f4 d5 2. e3 c5 3. Nf3 f6 4. Bd3 Nc6 5. O-O e5 6. fxe5 fxe5 7. Nxe5
Nf6 8. Nxc6 bxc6 9. b3 Be7 10. Bb2 O-O 11. Nc3 Qd6 12. Rf2 Rf7 13. Ne2 Ng4 14.
Rf4 Bg5 15. Bxh7+ Kxh7 16. Rxf7 Qxh2+ 17. Kf1 Qh1+ 18. Ng1 Nh2+ 19. Kf2 Bh4+
20. g3 Ng4+ 21. Kf1 Nxe3+ 22. dxe3 Bh3+ 23. Ke2 Qg2+ 24. Kd3 c4+ 25. Kc3 c5 26.
Qh5+ Kg8 27. Raf1 d4+ 28. exd4 cxd4+ 29. Kxd4 Qd2+ 30. Kxc4 Be6+ 31. Kb5 Rb8+
32. Kc6 Rb6+ 33. Kc5 Qb4# 0-1

[Event "Detroit (MOR/6/9)"]
[Site "?"]
[Date "1994.??.??"]
[Round "?"]
[White "Raupp, Kenneth A"]
[Black "Harlan, K."]
[Result "1/2-1/2"]
[WhiteElo "1605"]
[BlackElo "1730"]
[PlyCount "112"]
[EventDate "1994.??.??"]

{6/(9)} 1. f4 d5 2. e3 Nf6 3. Nf3 c5 4. b3 Nc6 5. Bb5 Bg4 6. h3 Bxf3 7. Qxf3 e6
8. Bb2 Ne4 9. d3 Qh4+ 10. g3 Nxg3 11. Qf2 Nf5 12. Qxh4 Nxh4 13. Nd2 a6 14.
Bxc6+ bxc6 15. Rg1 f6 16. Ke2 Kf7 17. Rg4 Ng6 18. Rag1 a5 19. a4 Be7 20. Nf3
Rhg8 21. h4 Nf8 22. h5 Nd7 23. Nh4 d4 24. e4 g6 25. hxg6+ hxg6 26. Rxg6 Rxg6
27. Nxg6 Rg8 28. f5 exf5 29. exf5 Nf8 30. Kf2 Nxg6 31. fxg6+ Rxg6 32. Rxg6 Kxg6
33. Kf3 Kf5 34. Bc1 Bd6 35. Bd2 Bc7 36. Bh6 Ke6 37. Kg4 f5+ 38. Kf3 Kd5 39. Bd2
Bd8 40. Kf4 Ke6 41. Be1 Bc7+ 42. Kg5 f4 43. Bd2 Kd5 44. Bxf4 Bxf4+ 45. Kxf4 c4
46. dxc4+ Ke6 47. Ke4 c5 48. Kd3 Ke5 49. c3 dxc3 50. Kxc3 Ke4 51. Kc2 Kd4 52.
Kd2 Ke4 53. Kc2 Kd4 54. Kd2 Ke4 55. Kc3 Ke3 56. Kc2 Kd4 1/2-1/2

[Event "Detroit (Class DE/1/10)"]
[Site "?"]
[Date "1994.??.??"]
[Round "?"]
[White "Raupp, Kenneth A"]
[Black "Felton, H."]
[Result "1-0"]
[WhiteElo "1605"]
[BlackElo "1605"]
[PlyCount "85"]
[EventDate "1994.??.??"]

{1/(10)} 1. f4 d6 2. Nf3 Nc6 3. e3 Nf6 4. Bb5 Bd7 5. b3 g6 6. Bb2 Bg7 7. O-O
O-O 8. Bxc6 Bxc6 9. Qe1 Re8 10. d3 Bxf3 11. Rxf3 Nd7 12. Bxg7 Kxg7 13. Nd2 e5
14. fxe5 Nxe5 15. Rh3 c5 16. Qf2 Ng4 17. Qf3 Nxe3 18. Qxb7 Nxc2 19. Rf1 Re7 20.
Qf3 Kg8 21. Ne4 f5 22. Nf6+ Kh8 23. Qe2 Nd4 24. Qe3 Qf8 25. Re1 Rae8 26. Rxh7+
Rxh7 27. Qxe8 Qxe8 28. Rxe8+ Kg7 29. Nxh7 Kxh7 30. Re7+ Kh6 31. Rxa7 Kg5 32.
Ra6 Nb5 33. Rb6 Nc3 34. a4 Ne2+ 35. Kf2 Nd4 36. a5 Kf4 37. a6 Ne6 38. a7 Nc7
39. Rc6 Na8 40. Rc8 Nb6 41. Rc6 Na8 42. Rxd6 Ke5 43. Rxg6 1-0

[Event "Detroit (MCO/C/2b/6)"]
[Site "?"]
[Date "1994.??.??"]
[Round "?"]
[White "Raupp, Kenneth A"]
[Black "Bezrutch, B."]
[Result "1-0"]
[WhiteElo "1605"]
[BlackElo "1605"]
[PlyCount "41"]
[EventDate "1994.??.??"]

1. f4 e6 2. b3 d5 3. e3 Nc6 4. Bb5 Bd7 5. Nf3 a6 6. Bxc6 Bxc6 7. Bb2 d4 8. Bxd4
Ne7 9. O-O Nf5 10. Bb2 Bd6 11. Nc3 Nh4 12. Nxh4 Qxh4 13. Ne2 O-O-O 14. Qe1 Qg4
15. Qf2 h5 16. Rfe1 Rdg8 17. Qg3 Qf5 18. Nd4 Qc5 19. Nxc6 Qxc6 20. c4 Qb6 21.
Qf2 {[Remainder illegible; 1-0, 39?]} 1-0

[Event "Detroit (Class C/3/5)"]
[Site "?"]
[Date "1994.??.??"]
[Round "?"]
[White "Raupp, Helene"]
[Black "Wright, Ken"]
[Result "1-0"]
[WhiteElo "1605"]
[BlackElo "1605"]
[PlyCount "87"]
[EventDate "1994.??.??"]

{3/(5)} 1. f4 f5 2. e4 d6 3. e5 Be6 4. d4 c6 5. Nf3 h6 6. Be2 Kd7 7. c4 d5 8.
c5 g6 9. b4 a6 10. Qa4 Ke8 11. Nc3 Qd7 12. Nh4 Bf7 13. Bd2 e6 14. b5 cxb5 15.
Nxb5 Ke7 16. Qa3 Nc6 17. Be3 Bg7 18. Rb1 Kf8 19. Nd6 Ra7 20. Qb2 Nd8 21. Qb6
Nc6 22. Bd1 Nge7 23. Ba4 Qd8 24. Nxb7 Qxb6 25. Rxb6 Be8 26. Nd6 g5 27. fxg5
hxg5 28. Bxg5 Bh6 29. Bxe7+ Rxe7 30. Bxc6 Bxc6 31. Ng6+ Kg7 32. Nxe7 Bb5 33.
Nxb5 axb5 34. Rxe6 Kf7 35. Rxh6 Rxh6 36. Nxd5 Rh4 37. Nc7 Rxd4 38. e6+ Ke7 39.
O-O b4 40. Rxf5 Re4 41. Rf7+ Kd8 42. e7+ Rxe7 43. Rxe7 Kxe7 44. Nd5+ 1-0

[Event "Detroit (MOR/4/26)"]
[Site "?"]
[Date "1994.??.??"]
[Round "?"]
[White "Raupp, Helene"]
[Black "Venia, Mike"]
[Result "1-0"]
[WhiteElo "1625"]
[BlackElo "1605"]
[PlyCount "81"]
[EventDate "1994.??.??"]

{4/(26)} 1. f4 d5 2. e3 c5 3. Nf3 Nf6 4. b3 g6 5. Bb2 Bg7 6. Bb5+ Bd7 7. Qe2 a6
8. Bxd7+ Nbxd7 9. d3 O-O 10. Nbd2 Qc7 11. h3 e5 12. fxe5 Nh5 13. Qf2 Bxe5 14.
Nxe5 Nxe5 15. g4 Ng7 16. Qf6 Ne8 17. Qxe5 Qxe5 18. Bxe5 f6 19. Bg3 Ng7 20. Rf1
Rae8 21. Rf3 Ne6 22. h4 Nd4 23. Kf2 Nxf3 24. Nxf3 Rf7 25. Re1 b5 26. Nd2 f5 27.
g5 Re6 28. Nf3 Rfe7 29. c3 Kf8 30. Bf4 Ke8 31. Rh1 a5 32. h5 c4 33. dxc4 dxc4
34. hxg6 hxg6 35. Rh8+ Kd7 36. Rb8 cxb3 37. axb3 a4 38. Rxb5 Ra6 39. bxa4 Rxa4
40. Ne5+ Ke8 41. Rb8# 1-0

[Event "Detroit (MOR/6/22)"]
[Site "?"]
[Date "1994.??.??"]
[Round "?"]
[White "Raupp, Helene"]
[Black "Spencer, Gordon"]
[Result "1-0"]
[WhiteElo "1625"]
[BlackElo "1605"]
[PlyCount "79"]
[EventDate "1994.??.??"]

{6/(22)} 1. f4 d5 2. e3 Nf6 3. b3 Bf5 4. Bb2 e6 5. Nf3 h6 6. d3 Be7 7. h3 O-O
8. Nbd2 Bh7 9. Be2 c5 10. O-O Nc6 11. Qe1 d4 12. e4 Nd7 13. g4 Qc7 14. Nh4 g5
15. fxg5 Bxg5 16. Ndf3 Nb4 17. Bd1 f6 18. Ng2 Bf4 19. Nxf4 Qxf4 20. Nxd4 Qe5
21. Kg2 Na6 22. Qe3 cxd4 23. Bxd4 Qg5 24. Qg3 e5 25. Be3 Qg7 26. Qh4 Qe7 27.
Bxh6 Rf7 28. Rf3 Bg6 29. g5 f5 30. exf5 Rxf5 31. Rxf5 Bxf5 32. Bf3 Nac5 33.
Bd5+ Be6 34. Bxe6+ Nxe6 35. Rf1 Nf4+ 36. Kh2 Ng6 37. Qc4+ Kh8 38. Rf7 Qc5 39.
Bg7+ Kg8 40. Rxd7+ 1-0

[Event "Detroit (Class C/5/6)"]
[Site "?"]
[Date "1994.??.??"]
[Round "?"]
[White "Raupp, Helene"]
[Black "Solski, Jeff"]
[Result "1-0"]
[WhiteElo "1605"]
[BlackElo "1605"]
[PlyCount "105"]
[EventDate "1994.??.??"]

{5/(6)} 1. f4 Nf6 2. b3 g6 3. Bb2 Bg7 4. e3 O-O 5. Nf3 d6 6. Be2 c5 7. O-O Nc6
8. Ng5 a6 9. g4 b5 10. d3 Bb7 11. Nd2 h6 12. Nh3 Nxg4 13. Bxg4 Bxb2 14. Rb1 Bg7
15. Nf2 e6 16. a3 Qh4 17. Nf3 Qe7 18. h4 e5 19. f5 Kh8 20. e4 Rg8 21. Kg2 gxf5
22. Bxf5 Bf6+ 23. Kh3 Nd8 24. Ng4 Ne6 25. Bxe6 Qxe6 26. Nfh2 h5 27. Rxf6 Qd7
28. Qf3 Bc8 29. Rg1 Rg7 30. Rh6+ Rh7 31. Qf6+ Kg8 32. Qg5+ Kh8 33. Rxh7+ Kxh7
34. Qxh5+ Kg7 35. Kg3 Qe6 36. Nf3 f6 37. Qh6+ Kf7 38. Qh7+ Ke8 39. Qh8+ Ke7 40.
Qg7+ Qf7 41. Qxf7+ Kxf7 42. h5 Be6 43. Kh4 a5 44. Nh6+ Ke8 45. Rg6 Ke7 46. Nf5+
Bxf5 47. exf5 Kf7 48. h6 Rg8 49. Rxg8 Kxg8 50. Kh5 d5 51. Kg6 a4 52. h7+ Kh8
53. Nh4 1-0

[Event "Novi (MI Women/3/2)"]
[Site "?"]
[Date "1994.??.??"]
[Round "?"]
[White "Raupp, Helene"]
[Black "Skidmore, Jennifer"]
[Result "0-1"]
[WhiteElo "1615"]
[BlackElo "1900"]
[PlyCount "74"]
[EventDate "1994.??.??"]

{3/(2)} 1. f4 d6 2. Nf3 Nc6 3. e3 Bg4 4. Bb5 Nf6 5. b3 g6 6. Bb2 Bg7 7. d3 O-O
8. Bxc6 bxc6 9. Nbd2 Nd5 10. Bxg7 Kxg7 11. Qe2 Re8 12. h3 Bxf3 13. Qxf3 e5 14.
fxe5 Rxe5 15. Nc4 Rf5 16. Qg4 Nb4 17. Kd2 Rf2+ 18. Kc3 Nxc2 19. Raf1 Qf6+ 20.
d4 Rxf1 21. Rxf1 Qxf1 22. Kxc2 Qf2+ 23. Kb1 Rd8 24. Qe4 Qf5 25. Qxf5 gxf5 26.
Kc2 Kf6 27. Kd3 Rg8 28. Na5 Rxg2 29. a4 Rh2 30. Nxc6 Rxh3 31. Nxa7 f4 32. b4
Rxe3+ 33. Kd2 h5 34. a5 h4 35. a6 h3 36. Nc6 h2 37. a7 h1=Q 0-1

[Event "Detroit (Class C/1/1)"]
[Site "?"]
[Date "1994.??.??"]
[Round "?"]
[White "Raupp, Helene"]
[Black "Brown, W."]
[Result "1-0"]
[WhiteElo "1605"]
[BlackElo "1605"]
[PlyCount "81"]
[EventDate "1994.??.??"]

{1/(1)} 1. f4 d5 2. e3 Nf6 3. b3 e6 4. Nf3 Be7 5. Bb2 O-O 6. Be2 a6 7. Ne5 Ne4
8. O-O Bd6 9. d3 Nf6 10. Nd2 c6 11. Qe1 Qb6 12. Qg3 Be7 13. Qh3 Nbd7 14. g4 Bc5
15. Rf3 d4 16. e4 Nxe5 17. fxe5 Nd7 18. Nc4 Qc7 19. Qg3 b5 20. Nd6 Nxe5 21.
Qxe5 Bxd6 22. Qxd4 Bxh2+ 23. Kg2 f6 24. Qf2 Bd6 25. Rh1 Bd7 26. Qh4 Kf7 27. g5
e5 28. gxf6 Ke8 29. fxg7 Bh3+ 30. Rhxh3 Qxg7+ 31. Qg3 Qxg3+ 32. Rhxg3 Rxf3 33.
Bxf3 Kf8 34. Bg4 Re8 35. Bd7 Re7 36. Bf5 c5 37. Rh3 Kg8 38. Rh6 Rg7+ 39. Kf2
Bc7 40. Rf6 Bd8 41. Be6+ 1-0

[Event "Novi (MI Women/1/3)"]
[Site "?"]
[Date "1994.??.??"]
[Round "?"]
[White "Raupp, Helene"]
[Black "Barone, C."]
[Result "1-0"]
[WhiteElo "1615"]
[BlackElo "1605"]
[PlyCount "33"]
[EventDate "1994.??.??"]

{1/(3)} 1. f4 e6 2. Nf3 g6 3. e4 Bg7 4. e5 Ne7 5. d4 O-O 6. Bd3 d6 7. O-O d5 8.
Qe1 Nbc6 9. c3 a5 10. Qh4 f5 11. Ng5 Re8 12. Nxh7 b6 13. Rf3 Kf7 14. Ng5+ Kf8
15. Rh3 Kg8 16. Nd2 Rf8 17. Qh7# 1-0

[Event "Detroit (MOR/2/28)"]
[Site "?"]
[Date "1994.??.??"]
[Round "?"]
[White "Raupp, Helene"]
[Black "Ashton, Jeff"]
[Result "1-0"]
[WhiteElo "1625"]
[BlackElo "1605"]
[PlyCount "61"]
[EventDate "1994.??.??"]

{2/(28)} 1. f4 e5 2. fxe5 d6 3. exd6 Bxd6 4. Nf3 g5 5. g3 Nc6 6. c3 Bg4 7. Bg2
Qe7 8. d4 Bxf3 9. Bxf3 h5 10. Qd3 g4 11. Bg2 h4 12. Rf1 hxg3 13. hxg3 Rh2 14.
Bxc6+ bxc6 15. Bf4 Bxf4 16. gxf4 Qh4+ 17. Kd1 g3 18. Nd2 g2 19. Qe4+ Ne7 20.
Rg1 Qf2 21. Kc2 Qg3 22. Nf3 f5 23. Qe5 Rh7 24. Ng5 Rh5 25. Ne6 Kf7 26. Ng5+ Ke8
27. Rad1 Kd7 28. Rd3 Qh2 29. Qe3 Nd5 30. Qe6+ Kd8 31. Nf7# 1-0

[Event "Detroit (MOR/2/64)"]
[Site "?"]
[Date "1994.??.??"]
[Round "?"]
[White "Raupp, Christine"]
[Black "Rodriguez, James"]
[Result "1-0"]
[WhiteElo "1605"]
[BlackElo "1605"]
[PlyCount "87"]
[EventDate "1994.??.??"]

{2/(64)} 1. f4 d5 2. e3 e6 3. Nf3 Bd6 4. b3 a6 5. Bb2 f6 6. Be2 b5 7. O-O c5 8.
d3 h6 9. Nbd2 Nc6 10. Qe1 h5 11. Qg3 Qe7 12. Qg6+ Kd8 13. Nh4 Rh6 14. Qg3 g5
15. Nhf3 Qg7 16. c4 d4 17. Nxd4 cxd4 18. Bxd4 Nxd4 19. exd4 h4 20. Qg4 f5 21.
Qxg5+ Qxg5 22. fxg5 Rg6 23. Nf3 Be7 24. Ne5 Rg7 25. Bf3 Bb7 26. Bxb7 Rc8 27.
Bxc8 Kxc8 28. Nf3 Bd6 29. Rae1 h3 30. Rxe6 Bf4 31. Ne5 Bxg5 32. Rxf5 Be3+ 33.
Rf2 Bxf2+ 34. Kxf2 hxg2 35. Nf3 Ne7 36. d5 Nf5 37. Kg1 Kd7 38. c5 Ne7 39. c6+
Nxc6 40. Rxc6 b4 41. Ne5+ Kd8 42. d6 Rb7 43. Rxa6 Rb5 44. Ra8+ 1-0

[Event "Detroit (MOR/4/43)"]
[Site "?"]
[Date "1994.??.??"]
[Round "?"]
[White "Raupp, Christine"]
[Black "Robes, S."]
[Result "1-0"]
[WhiteElo "1605"]
[BlackElo "1700"]
[PlyCount "75"]
[EventDate "1994.??.??"]

{4/(43)} 1. f4 d5 2. e3 Nc6 3. Bb5 Bd7 4. Nf3 Nf6 5. b3 a6 6. Bxc6 Bxc6 7. O-O
e6 8. Bb2 Be7 9. Ne5 O-O 10. d3 Qd6 11. Nd2 b5 12. Qe1 Bb7 13. Qg3 Rad8 14.
Ndf3 c5 15. Rad1 d4 16. exd4 Nd5 17. Rfe1 Nb4 18. d5 Qxd5 19. Nc6 Qd4+ 20. Bxd4
cxd4 21. Nxd8 Rxd8 22. Nh4 Nxc2 23. Nf5 Bf6 24. Re2 Re8 25. Nd6 Re7 26. Nxb7
Ne3 27. f5 Rxb7 28. Rc1 h6 29. fxe6 Re7 30. Rc8+ Kh7 31. h4 Nf5 32. Qb8 Bxh4
33. Rh8+ Kg6 34. Re4 Bg5 35. Rg4 h5 36. Re4 Be3+ 37. Kh1 Ng3+ 38. Qxg3+ 1-0

[Event "Novi (MI Women/4/5)"]
[Site "?"]
[Date "1994.??.??"]
[Round "?"]
[White "Raupp, Christine"]
[Black "Rahal, N."]
[Result "1-0"]
[WhiteElo "1605"]
[BlackElo "1605"]
[PlyCount "29"]
[EventDate "1994.??.??"]

{4/(5)} 1. f4 d5 2. e3 Nf6 3. Nf3 e6 4. b3 Bd6 5. Bb2 O-O 6. Bd3 Nc6 7. O-O Nb4
8. Qe1 Nxd3 9. cxd3 Nh5 10. Ng5 f6 11. Qh4 fxg5 12. Qxh5 gxf4 13. Qg4 e5 14.
exf4 exf4 15. Qxg7# 1-0

[Event "Novi (MI Women/2/5)"]
[Site "?"]
[Date "1994.??.??"]
[Round "?"]
[White "Raupp, Christine"]
[Black "Livschitz, Victoria"]
[Result "0-1"]
[WhiteElo "1605"]
[BlackElo "1605"]
[PlyCount "98"]
[EventDate "1994.??.??"]

{2/(5)} 1. f4 d5 2. e3 c5 3. Nf3 Nc6 4. Bb5 Bd7 5. b3 e6 6. Bb2 Nf6 7. O-O Bd6
8. Nc3 Qc7 9. Ng5 h6 10. Nf3 a6 11. Bxc6 Bxc6 12. Qe2 O-O-O 13. a4 d4 14. Nd1
Nd5 15. exd4 Nxf4 16. Qe3 Nd5 17. Qd3 Nb4 18. Qc3 Bxf3 19. Rxf3 Bxh2+ 20. Kh1
Rxd4 21. Qe3 Nxc2 22. Qf2 Nxa1 23. Bxd4 cxd4 24. Qxd4 Be5 25. Qg4 Kb8 26. Re3
Rd8 27. Qe2 Bf4 28. Rd3 Rxd3 29. Qxd3 Qd6 30. Qb1 Qxd2 31. Nb2 Qc1+ 32. Qxc1
Bxc1 33. Nc4 Nxb3 34. Nd6 f5 35. Ne8 Bb2 36. Kh2 Be5+ 37. Kg1 Kc8 38. Kf2 Kd7
39. Nxg7 Bxg7 40. a5 Nxa5 41. g3 b5 42. Ke3 b4 43. Kd2 b3 44. Kc1 b2+ 45. Kb1
Nc4 46. Kc2 Na3+ 47. Kb3 b1=Q+ 48. Kxa3 Bf8+ 49. Ka4 Qb5# 0-1

[Event "Detroit (Class DE/3/12)"]
[Site "?"]
[Date "1994.??.??"]
[Round "?"]
[White "Raupp, Christine"]
[Black "Kielb, M."]
[Result "0-1"]
[WhiteElo "1605"]
[BlackElo "1605"]
[PlyCount "108"]
[EventDate "1994.??.??"]

{3/(12)} 1. f4 Nf6 2. e3 g6 3. b3 Bg7 4. Bb2 O-O 5. Nf3 d5 6. Be2 Re8 7. O-O c5
8. d3 Nc6 9. Nbd2 a6 10. Ne5 Qc7 11. Ndf3 Ng4 12. Nxg4 Bxb2 13. Rb1 Bc3 14. d4
Bxg4 15. Ne5 Bxe2 16. Qxe2 Nxe5 17. fxe5 cxd4 18. exd4 Bxd4+ 19. Kh1 Qxe5 20.
Qf3 Rf8 21. Rbe1 Qd6 22. Rd1 e5 23. c4 e4 24. Qh3 Qe6 25. Qxe6 fxe6 26. cxd5
Rxf1+ 27. Rxf1 exd5 28. g3 Bc5 29. Kg2 d4 30. Rd1 e3 31. Kf3 Re8 32. Ke2 Rc8
33. Kd3 Ba7 34. a4 Rc3+ 35. Ke2 Rxb3 36. h4 b5 37. axb5 axb5 38. g4 b4 39. Rd3
Rxd3 40. Kxd3 b3 41. h5 b2 42. Kc2 e2 43. hxg6 hxg6 44. Kxb2 e1=Q 45. Kc2 d3+
46. Kxd3 Qg3+ 47. Ke4 Qxg4+ 48. Ke5 Qd4+ 49. Ke6 g5 50. Kf5 g4 51. Ke6 g3 52.
Kf5 g2 53. Ke6 g1=Q 54. Kf5 Qgg4# 0-1

[Event "Detroit (MOR/6/26)"]
[Site "?"]
[Date "1994.??.??"]
[Round "?"]
[White "Raupp, Christine"]
[Black "Grzegorczyk, Ron"]
[Result "0-1"]
[WhiteElo "1605"]
[BlackElo "1605"]
[PlyCount "164"]
[EventDate "1994.??.??"]

{6/(26)} 1. f4 d5 2. e3 Nf6 3. Nf3 Nc6 4. Bb5 Bd7 5. b3 a6 6. Bxc6 Bxc6 7. O-O
e6 8. Bb2 Be7 9. Ne5 Bb5 10. d3 O-O 11. Nd2 Bc5 12. Qf3 Qe7 13. Rae1 Ne8 14.
Qg3 f6 15. Ng4 Kh8 16. Qh4 Qf7 17. Rf3 Be7 18. Rh3 g6 19. Rf1 Nd6 20. Nh6 Qg7
21. Rff3 e5 22. Rfg3 Be8 23. f5 g5 24. Qg4 Nf7 25. Qh5 Nxh6 26. Qxh6 Bd6 27. e4
d4 28. Nf3 Rg8 29. Bc1 Bf8 30. Qxg7+ Rxg7 31. Rg4 h5 32. Nd2 Kg8 33. Rgg3 h4
34. Rf3 Bh5 35. g4 Bxg4 36. Kg2 Bb4 37. Nc4 b5 38. Nb2 a5 39. Rf1 a4 40. Nd1
axb3 41. axb3 Ra2 42. Nf2 Rxc2 43. Rf3 Bxf3+ 44. Kxf3 Rc3 45. Bd2 Rxb3 46. Bxb4
Rxb4 47. Ng4 Rf7 48. Nh6+ Kf8 49. Nxf7 Kxf7 50. Rc1 Rb3 51. Ke2 Rc3 52. Rb1 c6
53. h3 Rc2+ 54. Kd1 Rh2 55. Rc1 Rxh3 56. Rxc6 Rxd3+ 57. Ke2 Re3+ 58. Kf2 Rxe4
59. Rc7+ Ke8 60. Rc6 Rf4+ 61. Ke2 Rxf5 62. Rb6 h3 63. Rb7 g4 64. Rh7 Rf3 65.
Rh6 Ke7 66. Rh7+ Ke6 67. Rh4 f5 68. Rh6+ Kd5 69. Rh5 b4 70. Kd2 e4 71. Kc2 Kc4
72. Rh6 Rf2+ 73. Kc1 d3 74. Rc6+ Kd4 75. Rd6+ Ke3 76. Rh6 h2 77. Rh5 g3 78. Rh3
f4 79. Kb1 Ke2 80. Kc1 d2+ 81. Kc2 d1=Q+ 82. Kb2 Ke1# 0-1

[Event "Detroit (Class DE/1/9)"]
[Site "?"]
[Date "1994.??.??"]
[Round "?"]
[White "Raupp, Christine"]
[Black "Bascomb, A."]
[Result "1-0"]
[WhiteElo "1605"]
[BlackElo "1605"]
[PlyCount "53"]
[EventDate "1994.??.??"]

{1/(9)} 1. f4 c5 2. e3 Nc6 3. Nf3 Nf6 4. b3 e6 5. Bb2 Be7 6. Bd3 d5 7. O-O Qd6
8. Qe1 Bd7 9. Bb5 Nb4 10. Bxd7+ Qxd7 11. c3 Nc2 12. Qe2 Nxa1 13. Bxa1 a6 14. d4
O-O 15. Nbd2 Bd6 16. e4 Bxf4 17. dxc5 dxe4 18. Nxe4 Nxe4 19. Qxe4 Bh6 20. c4 f5
21. Qh4 Be3+ 22. Kh1 Qd3 23. Re1 Bxc5 24. Ng5 h6 25. Nxe6 Rfc8 26. Nxc5 Rxc5
27. Qe7 1-0

[Event "Fowlerville (Jun)"]
[Site "?"]
[Date "1994.??.??"]
[Round "?"]
[White "Rasor, J."]
[Black "Foord, Allan"]
[Result "1-0"]
[WhiteElo "1605"]
[BlackElo "1615"]
[PlyCount "83"]
[EventDate "1994.??.??"]

1. e4 c5 2. f4 d6 3. Nf3 Nc6 4. Bb5 Bd7 5. Nc3 e6 6. d4 cxd4 7. Nxd4 a6 8. Bc4
Qc7 9. Be3 Nf6 10. Qe2 b5 11. Bxb5 axb5 12. Ndxb5 Qb8 13. Rd1 Nb4 14. O-O Bxb5
15. Nxb5 Nxe4 16. Qc4 d5 17. Nc7+ Ke7 18. Bc5+ Kf6 19. Qd4+ Kg6 20. Bxf8 Rxf8
21. Nxa8 Nxc2 22. f5+ exf5 23. Qb6+ Qxb6+ 24. Nxb6 Ne3 25. Nxd5 Nxf1 26. Kxf1
Rb8 27. b4 Ra8 28. Ra1 Nd2+ 29. Ke2 Nb3 30. Nb6 Re8+ 31. Kd3 Nxa1 32. Kc3 Re2
33. Nd5 Rxa2 34. b5 Rc2+ 35. Kb4 Rxg2 36. Nf4+ Kf6 37. Nxg2 Ke7 38. Kc3 Kd6 39.
Ne3 g6 40. Nc4+ Kc5 41. b6 Kb5 42. b7 1-0

[Event "Gaylord (NMO/2/17)"]
[Site "?"]
[Date "1994.??.??"]
[Round "?"]
[White "Ranger, S."]
[Black "Crysler, Jerry"]
[Result "0-1"]
[WhiteElo "1605"]
[BlackElo "1605"]
[PlyCount "44"]
[EventDate "1994.??.??"]

{2/(17)} 1. e4 d5 2. d3 d4 3. Nf3 Bg4 4. Nbd2 Nc6 5. b3 e5 6. Nc4 Nf6 7. Be2
Bb4+ 8. Bd2 Qe7 9. O-O O-O-O 10. a3 Bd6 11. Bg5 h6 12. Bh4 g5 13. Nxd6+ Rxd6
14. Bg3 Nh5 15. Bxe5 Nxe5 16. Qd2 Bxf3 17. gxf3 Nf4 18. Bd1 Qd7 19. c3 Qh3 20.
Qxf4 gxf4 21. Kh1 Nxf3 22. Rg1 Qxh2# 0-1

[Event "Gaylord (NMO/4/15)"]
[Site "?"]
[Date "1994.??.??"]
[Round "?"]
[White "Ranger, J."]
[Black "Thompson, P."]
[Result "0-1"]
[WhiteElo "1605"]
[BlackElo "1605"]
[PlyCount "68"]
[EventDate "1994.??.??"]

{4/(15)} 1. e4 e5 2. Nc3 Nf6 3. Nf3 d6 4. Bd3 Be7 5. O-O O-O 6. Be2 c5 7. d3
Be6 8. b3 Nc6 9. Ng5 Qd7 10. Be3 Nd4 11. Qd2 Nxe2+ 12. Nxe2 h6 13. Nxe6 Qxe6
14. h3 d5 15. Bxh6 gxh6 16. Qxh6 Nh7 17. Qxe6 fxe6 18. f3 Nf6 19. Ng3 Rf7 20.
Rf2 Rg7 21. Kh2 Kf7 22. Raf1 Rag8 23. Nh1 Nh5 24. g4 Nf4 25. Rg1 Rh8 26. Rg3
Bh4 27. exd5 exd5 28. Rd2 Bxg3+ 29. Kxg3 Rxh3+ 30. Kf2 Rxh1 31. Kg3 Rg1+ 32.
Kh4 Kf6 33. g5+ R1xg5 34. c3 Rh7# 0-1

[Event "Gaylord (NMO/3/20)"]
[Site "?"]
[Date "1994.??.??"]
[Round "?"]
[White "Ranger, J."]
[Black "Klein, M."]
[Result "1-0"]
[WhiteElo "1605"]
[BlackElo "1605"]
[PlyCount "63"]
[EventDate "1994.??.??"]

{3/(20)} 1. d4 d5 2. Nf3 Bf5 3. e3 e6 4. Bd3 Nc6 5. O-O Bg4 6. Be2 Be7 7. Bd2
Nf6 8. Nc3 Qd6 9. Nb5 Qd7 10. Bd3 O-O-O 11. c3 e5 12. Qa4 exd4 13. Nxa7+ Kb8
14. Nxd4 Nxa7 15. Bb5 c6 16. Bd3 Qd6 17. Rac1 Qe5 18. f4 Qd6 19. c4 Ne4 20. Bb4
c5 21. Nb5 Qb6 22. Ba5 Qa6 23. Bc7+ Ka8 24. Ba5 b6 25. Nc7+ Kb7 26. Nxa6 Kxa6
27. cxd5+ Kb7 28. Bxe4 bxa5 29. d6+ Kc8 30. Rxc5+ Kb8 31. Qb3+ Nb5 32. Qxb5+
1-0

[Event "Gaylord (NMO/1/12)"]
[Site "?"]
[Date "1994.??.??"]
[Round "?"]
[White "Ranger, J."]
[Black "Jones, W."]
[Result "0-1"]
[WhiteElo "1605"]
[BlackElo "1620"]
[PlyCount "68"]
[EventDate "1994.??.??"]

{1/(12)} 1. d4 d5 2. Nf3 Nf6 3. Nc3 g6 4. g3 Bg7 5. Bg2 O-O 6. O-O Nc6 7. e3
Bg4 8. Qd2 Qd7 9. Re1 Qf5 10. Nh4 Qh5 11. Ne2 g5 12. h3 gxh4 13. Nf4 Qh6 14.
hxg4 Nxg4 15. Qe2 Qg5 16. Nh3 Qf5 17. e4 Qd7 18. Bf3 Nxd4 19. Bxg4 Nxe2+ 20.
Bxe2 Qxh3 21. Bf1 Qg4 22. Bf4 hxg3 23. fxg3 Kh8 24. e5 Rg8 25. Be2 Qe6 26. Bd3
Bh6 27. Kf2 Bxf4 28. Rh1 Bh6 29. Rh5 Rg5 30. Rxg5 Bxg5 31. Rh1 h6 32. c4 Qxe5
33. Re1 Qd4+ 34. Kg2 Qxd3 0-1

[Event "Detroit (MOR/2/67)"]
[Site "?"]
[Date "1994.??.??"]
[Round "?"]
[White "Randel, J."]
[Black "Domke, G."]
[Result "0-1"]
[WhiteElo "1605"]
[BlackElo "1605"]
[PlyCount "122"]
[EventDate "1994.??.??"]

{2/(67)} 1. e4 e5 2. Nf3 Nc6 3. Nc3 Bb4 4. Bc4 Nf6 5. O-O d6 6. d3 Bg4 7. h3
Bxf3 8. Qxf3 Nd4 9. Qe3 Nxc2 10. Qe2 Nxa1 11. Bg5 Bc5 12. Rxa1 h6 13. Bxf6 gxf6
14. a3 c6 15. b4 Bd4 16. Qc2 Qd7 17. Ra2 Rg8 18. Ne2 Qxh3 19. g3 Rg7 20. Nxd4
exd4 21. Qd2 O-O-O 22. Qf4 Qd7 23. Qxf6 Rg6 24. Qxd4 b6 25. a4 Rg5 26. a5 b5
27. Bb3 a6 28. Qf6 Rg6 29. Qd4 Rg5 30. Rc2 Qc7 31. Kg2 c5 32. bxc5 dxc5 33. Qe3
b4 34. f4 Rh5 35. g4 Qd6 36. gxh5 Kd7 37. Ba4+ Ke7 38. e5 Qd5+ 39. Kg3 Rg8+ 40.
Kf2 Qg2+ 41. Ke1 Qg1+ 42. Kd2 Rg2+ 43. Qe2 Rxe2+ 44. Kxe2 Qg4+ 45. Ke3 Qxh5 46.
Rxc5 Qh3+ 47. Ke4 Qg2+ 48. Kd4 Qf2+ 49. Kd5 Qxf4 50. Rc7+ Kf8 51. d4 h5 52. Kc5
h4 53. Rd7 h3 54. Kxb4 h2 55. Bc6 Qh6 56. Kc5 h1=Q 57. Bxh1 Qxh1 58. d5 Qe4 59.
d6 Qxe5+ 60. Kc6 Qxa5 61. Rc7 Qb5# 0-1

[Event "Detroit (MOR/4/71)"]
[Site "?"]
[Date "1994.??.??"]
[Round "?"]
[White "Randel, J."]
[Black "Choate, Eric"]
[Result "1-0"]
[WhiteElo "1605"]
[BlackElo "1605"]
[PlyCount "49"]
[EventDate "1994.??.??"]

{4/(71)} 1. e4 e5 2. Nf3 Nc6 3. Nc3 Nf6 4. Bc4 Bc5 5. O-O d6 6. d3 Bg4 7. h3
Bxf3 8. Qxf3 O-O 9. Bg5 Nd4 10. Qd1 h6 11. Bh4 g5 12. Bg3 d5 13. exd5 Nxd5 14.
Nxd5 Qd7 15. Nf6+ Kg7 16. Nxd7 Rfd8 17. Nxc5 Re8 18. Re1 f6 19. Qh5 Nxc2 20.
Qf7+ Kh8 21. d4 Nxe1 22. Rxe1 b6 23. Ne4 Rad8 24. Nxf6 Rf8 25. Qh7# 1-0

[Event "Detroit (MI Op/5/36)"]
[Site "?"]
[Date "1994.??.??"]
[Round "?"]
[White "Randel, D."]
[Black "Walker, Douglas"]
[Result "1/2-1/2"]
[WhiteElo "1730"]
[BlackElo "1875"]
[PlyCount "110"]
[EventDate "1994.??.??"]

{5/(36)} 1. d4 Nf6 2. c4 g6 3. Nc3 Bg7 4. e4 d6 5. Nf3 O-O 6. Be2 Nbd7 7. O-O
c5 8. d5 a6 9. a4 Ng4 10. h3 Nge5 11. Qc2 Nxf3+ 12. Bxf3 Ne5 13. Be2 f5 14. f4
Nf7 15. Be3 b6 16. exf5 Bxf5 17. Bd3 Nh6 18. Rae1 Bxd3 19. Qxd3 Nf5 20. Bf2 Qd7
21. b3 Rae8 22. Ne4 e5 23. dxe6 Rxe6 24. Qd5 Ne7 25. Qd2 h6 26. Ng3 Kh7 27.
Rxe6 Qxe6 28. Re1 Qd7 29. Qe3 Nf5 30. Qe6 Qxe6 31. Rxe6 Nxg3 32. Bxg3 Bd4+ 33.
Kh2 Rf6 34. Re7+ Kg8 35. Rb7 d5 36. cxd5 Rd6 37. f5 Rxd5 38. fxg6 Be3 39. Rxb6
c4 40. bxc4 Rd1 41. Rb8+ Kg7 42. Be5+ Kxg6 43. Kg3 Kf5 44. Kf3 Bc5 45. Bg7 Rf1+
46. Ke2 Rf2+ 47. Kd1 Rxg2 48. Bxh6 Ke4 49. Rd8 Bd4 50. Rf8 Kd3 51. Rf3+ Kxc4
52. h4 Ra2 53. Rf4 Kd3 54. Rf3+ Ke4 55. Rf4+ Kd3 1/2-1/2